000 00954cam a2200277 i 4500
003 SA-RiAUC
005 20250315133529.0
008 250309s1974 le g 000 f ara c
040 _aAE-AiULD
_bara
_cSA-RiAUC
_erda
043 _aa-io---
050 4 _bA34 1974
082 0 4 _a813.081
090 _a813.081
_b ك ي ل
100 1 _aالكيلاني، نجيب،
_d1931-1995
_eمؤلف.
245 1 0 _aعذراء جاكرتا /
_cنجيب الكيلاني.
250 _aالطبعة الثانية.
264 1 _aبيروت :
_bدار النفائس،
_c1974
300 _a167 صفحة ؛
_c17 سم.
336 _aنص
_btxt
_2rdacontent
_3كتاب
337 _aبدون وسيط
_bn
_2rdamedia
338 _aمجلد
_bnc
_2rdacarrier
440 0 _aروايات إسلامية معاصرة
650 7 _aالقصص العربية التاريخية
_2aucsh
942 _2ddc
_cBOOK
_n0
949 _aSA-JeALM
_d250309
_umohamedma123
_n1
999 _c6457
_d6457